London for sale? (Record no. 114471)
[ view plain ]
| 000 -LEADER | |
|---|---|
| fixed length control field | 01251cam a22002055a 4500 |
| 001 - CONTROL NUMBER | |
| control field | L156885 |
| 008 - FIXED-LENGTH DATA ELEMENTS--GENERAL INFORMATION | |
| fixed length control field | 120727s2012 xxk f 000 0 eng d |
| 035 ## - SYSTEM CONTROL NUMBER | |
| System control number | (Sirsi) u156885 |
| 041 0# - LANGUAGE CODE | |
| Language code of text/sound track or separate title | eng |
| 100 1# - MAIN ENTRY--PERSONAL NAME | |
| Personal name | Heywood, Andrew |
| 245 00 - TITLE STATEMENT | |
| Title | London for sale? |
| Remainder of title | An assessment of the private housing market in London and the impact of growing overseas investment |
| Medium | [electronic resource] |
| 260 ## - PUBLICATION, DISTRIBUTION, ETC. | |
| Place of publication, distribution, etc. | London |
| Name of publisher, distributor, etc. | Smith Institute |
| Date of publication, distribution, etc. | 2012 |
| 260 ## - PUBLICATION, DISTRIBUTION, ETC. | |
| Place of publication, distribution, etc. | London |
| Date of publication, distribution, etc. | Future of London |
| -- | 2012 |
| 520 ## - SUMMARY, ETC. | |
| Summary, etc. | Considers the effect on affordability issues of the large increase in overseas investment in the private sector housing at the prime and high end of the market is having on the London residential market. 60% of all new build homes are purchased by overseas investors with 5 billion pounds being invested in luxury homes, five times more than annual investment on affordable homes and a third of loans made for home loans. Calls for investment in the affordable homes sector rather than in the luxury sector. |
| 590 ## - LOCAL NOTE (RLIN) | |
| Local note | KA NTK |
| 651 #4 - SUBJECT ADDED ENTRY--GEOGRAPHIC NAME | |
| Geographic name | London |
| 690 ## - LOCAL SUBJECT ADDED ENTRY--TOPICAL TERM (OCLC, RLIN) | |
| Topical term or geographic name as entry element | Residential property |
| 9 (RLIN) | 6266 |
| 856 40 - ELECTRONIC LOCATION AND ACCESS | |
| Uniform Resource Identifier | <a href="https://www.smith-institute.org.uk/file/London%20for%20Sale.pdf">https://www.smith-institute.org.uk/file/London%20for%20Sale.pdf</a> |
| Public note | View the item free of charge from the www.smith-institute.org.uk website |
| 942 ## - ADDED ENTRY ELEMENTS (KOHA) | |
| Suppress in OPAC | 0 |
| Withdrawn status | Lost status | Source of classification or shelving scheme | Damaged status | Not for loan | Home library | Current library | Shelving location | Date acquired | Total Checkouts | Full call number | Barcode | Date last seen | Copy number | Price effective from | Koha item type |
|---|---|---|---|---|---|---|---|---|---|---|---|---|---|---|---|
| Dewey Decimal Classification | Virtual | Virtual | Online | 27/07/2012 | ONLINE PUBLICATION | 156885-2001 | 06/08/2019 | 1 | 06/08/2019 | Book |